Statistiques concernant Composition des vainqueurs de la Ligue des Champions (2014-2023)

Cliquez ici pour prendre le quiz!

Statistiques générales

  • Ce quiz a été pris 324 fois
  • Le résultat moyen est 109 sur 120

Statistiques - réponses

IndiceRéponse% Correct
Milieu offensif BELGIQUEDe Bruyne
99%
Gardien BRESILEderson
99%
Buteur FRANCEBenzema
98%
Gardien BELGIQUECourtois
98%
Buteur NORVEGEHaaland
98%
Milieu central CROATIEModric
98%
Défenseur central AUTRICHEAlaba
97%
Milieu central ALLEMAGNEKroos
97%
Milieu défensif ESPAGNERodri
97%
Ailier gauche PORTUGAL | Buteur PORTUGALRonaldo
97%
Ailier gauche BRESILVinicius
97%
Défenseur gauche FRANCE | Gardien SENEGALMendy
96%
Ailier droit ARGENTINEMessi
96%
Gardien ALLEMAGNENeuer
96%
Ailier droit URUGUAYValverde
96%
Ailier droit PAYS DE GALLESBale
95%
Défenseur droit ESPAGNECarvajal
95%
Ailier gauche BRESILNeymar
95%
Défenseur central PORTUGALRuben Dias
95%
Gardien BRESILAlisson
94%
Ailier droit PORTUGALBernardo Silva
94%
Milieu central BRESILCasemiro
94%
Milieu défensif FRANCEKanté
94%
Buteur POLOGNELewandowski
94%
Ailier gauche SENEGALMané
94%
Défenseur gauche BRESILMarcelo
94%
Défenseur central ESPAGNERamos
94%
Ailier droit EGYPTESalah
94%
Buteur URUGUAYSuarez
94%
Gardien ALLEMAGNETer Stegen
94%
Défenseur central FRANCEVarane
94%
Défenseur central SUISSEAkanji
93%
Ailier gauche FRANCEComan
93%
Défenseur gauche CANADADavies
93%
Ailier gauche ANGLETERREGrealish
93%
Milieu offensif ALLEMAGNEGundogan
93%
Défenseur droit ALLEMAGNEKimmich
93%
Gardien COSTA RICANavas
93%
Défenseur central PAYS-BASVan Dijk
93%
Défenseur central PAYS-BASAké
92%
Milieu central ESPAGNEIniesta
92%
Défenseur central BRESILMilitao
92%
Milieu central CROATIERakitic
92%
Défenseur central ALLEMAGNERudiger
92%
Buteur BRESILFirmino
91%
Défenseur central ESPAGNEPique
91%
Défenseur droit ANGLETERREAlexander Arnold
90%
Gardien ESPAGNECasillas
90%
Milieu défensif ITALIEJorginho
90%
Défenseur central PORTUGALPepe
90%
Défenseur gauche ECOSSERobertson
90%
Défenseur central BRESILThiago Silva
90%
Défenseur droit BRESILAlves
89%
Ailier droit ALLEMAGNEHavertz
89%
Milieu offensif ALLEMAGNEMuller
89%
Défenseur gauche ESPAGNEAlba
88%
Buteur ALLEMAGNEWerner
88%
Milieu central ANGLETERREHenderson
87%
Défenseur central ARGENTINEMascherano
87%
Milieu central ESPAGNEBusquets
86%
Ailier droit ALLEMAGNEGnabry
86%
Défenseur droit ANGLETERREJames
86%
Défenseur central CAMEROUNMatip
85%
Défenseur central ESPAGNEAzpilicueta
84%
Milieu central BRESILFabinho
84%
Milieu défensif ALLEMAGNEGoretzka
83%
Milieu offensif ESPAGNEIsco
83%
2023Manchester City
83%
2021Chelsea
82%
2014 | 2016 | 2017 | +2 othersReal Madrid
82%
Milieu central PAYS BASWijnaldum
82%
2015Barcelone
81%
2020Bayern Munich
81%
2019Liverpool
81%
Milieu défensif ANGLETERREStones
80%
Défenseur central ALLEMAGNEBoateng
78%
Milieu central ARGENTINEDi Maria
77%
Milieu défensif ESPAGNEThiago Alcantara
77%
Défenseur gauche PORTUGALCoentrao
74%
Défenseur gauche ANGLETERREChilwell
73%
Milieu central ALLEMAGNEKhedira
71%
Ailier gauche ANGLETERREMount
66%

Distribution des résultats

Percentile par nombre de réponses

% des personnes avec chaque résultat

Votre développement - résultats

Vous n’avez pas pris ce quiz